Zubay's Principles of biochemistry (Record no. 394949)
[ view plain ]
| 000 -LEADER | |
|---|---|
| fixed length control field | 00392 a2200169 4500 |
| 003 - CONTROL NUMBER IDENTIFIER | |
| control field | OSt |
| 005 - DATE AND TIME OF LATEST TRANSACTION | |
| control field | 20260417103515.0 |
| 008 - FIXED-LENGTH DATA ELEMENTS--GENERAL INFORMATION | |
| fixed length control field | 260417b |||||||| |||| 00| 0 eng d |
| 040 ## - CATALOGING SOURCE | |
| Transcribing agency | main |
| 100 ## - MAIN ENTRY--PERSONAL NAME | |
| Personal name | HARISH CHANDRA |
| 110 ## - MAIN ENTRY--CORPORATE NAME | |
| Corporate name or jurisdiction name as entry element | HARISH CHANDRA |
| 245 ## - TITLE STATEMENT | |
| Title | Zubay's Principles of biochemistry |
| 250 ## - EDITION STATEMENT | |
| Edition statement | 6th |
| 260 ## - PUBLICATION, DISTRIBUTION, ETC. | |
| Name of publisher, distributor, etc. | medtch |
| Date of publication, distribution, etc. | 2026 |
| 264 ## - PRODUCTION, PUBLICATION, DISTRIBUTION, MANUFACTURE, AND COPYRIGHT NOTICE | |
| Name of producer, publisher, distributor, manufacturer | medtch |
| Date of production, publication, distribution, manufacture, or copyright notice | 2026 |
| 942 ## - ADDED ENTRY ELEMENTS (KOHA) | |
| Koha item type | Books |
| Source of classification or shelving scheme | Dewey Decimal Classification |
No items available.
